| 000 | nam a22 7a 4500 | ||
|---|---|---|---|
| 999 |
_c332528 _d332528 |
||
| 003 | NUST | ||
| 005 | 20171212100711.0 | ||
| 008 | 171212b xxu||||| |||| 00| 0 eng d | ||
| 040 | _cNUST | ||
| 082 |
_a891.4391 _bMAH |
||
| 100 |
_aMahmood, Mahmood Ali _97172 |
||
| 245 |
_aRang tarang / _cMahmood Ali Mahmood |
||
| 260 |
_aIslamabad: _bManzil Publications, _c2011 |
||
| 300 | _a260 pages | ||
| 546 | _ain urdu | ||
| 650 |
_aUrdu- Literature _9347 |
||
| 880 |
_6100-01\(3\r _aمحمود علی محمود |
||
| 880 |
_6245-02\(3\r _aرنگ ترنگ _cمحمود علی محمود |
||
| 880 |
_6260-03\(3\r _aاسلام آباد: _bمنزل پبلیکیشنز، _c2011 |
||
| 942 |
_2ddc _cBK |
||